Die La Plata - Länder: Argentinien - Paraguay - Uruguay
Guardat en:
| Autors principals: | , |
|---|---|
| Format: | Llibre |
| Idioma: | alemany |
| Publicat: |
Berlín
Georg Westermann
1963
|
| Matèries: | |
| Etiquetes: |
Afegir etiqueta
Sense etiquetes, Sigues el primer a etiquetar aquest registre!
|
MARC
| LEADER | 00000nam a2200000 a 4500 | ||
|---|---|---|---|
| 001 | UCU1993 | ||
| 003 | CL-VaPUC | ||
| 008 | 960419e19630000GW |||||||||||||||||ger|d | ||
| 082 | 0 | 4 | |a 318 |b WIL |2 21 |
| 100 | 0 | |a Wilhelmy, Herbert |e author |9 357807 | |
| 700 | 0 | |a Rohmeder, Wilhelm |e author |9 357808 | |
| 245 | 1 | 4 | |a Die La Plata - Länder: Argentinien - Paraguay - Uruguay |
| 300 | |a 584 p | ||
| 942 | |c BK | ||
| 945 | |d 19960419 00:00:00 |a lriquelm | ||
| 260 | |a Berlín |b Georg Westermann |c 1963 | ||
| 650 | 0 | |a Geografía |9 259346 | |
| 650 | 0 | |a Clima |9 265281 | |
| 650 | 0 | |a Topografía |9 260423 | |
| 650 | 0 | |a Gobierno |9 255508 | |
| 650 | 0 | |a Política |9 255312 | |
| 650 | 0 | |a Cultura |9 269059 | |
| 651 | 0 | |a Río de La Plata |9 357809 | |
| 651 | 0 | |a Argentina |9 254888 | |
| 651 | 0 | |a Uruguay |9 255194 | |
| 651 | 0 | |a Paraguay |9 255336 | |
| 583 | |a last modification |c 19960419 00:00:00 |k Rodrigo Vera | ||
| 999 | |c 246402 |d 246400 | ||
| 952 | |0 0 |1 0 |4 0 |6 318_000000000000000_WIL_1963 |7 0 |8 A |9 261353 |a BIBING |b BIBING |d 2019-11-19 |i 201775K |o 318 WIL 1963 |p 201775K |r 2025-01-20 |w 2019-11-19 |y BK |k GEO | ||